000 00314nam a2200133Ia 4500
008 160319s9999 xx 000 0 und d
050 _a808.84
050 _bR673c 1998
100 _aRoche, Joseph L.
245 2 _aA Companion to CFC vol. 1
260 _bECCE/WORD & LIFE PUB.
260 _c1998
300 _a171
999 _c292190
_d292190